01013nam a2200253 a 450000100100000000500170001000800410002704000130006808200200008110000450010124500550014626000640020130000270026549000180029250000700031065000260038065000280040683000240043491000370045804900090049595201230050495201170062799900150074400000992120200929161749.0091002s2002 dr a 001 p spa d aDO-SdBNP aCu861.44bC656a1 aCobián Figeroux, Ricardod1952-92485310aAnatomía del deseo /cRicardo Cobián Figeroux. aSanto Domingo,aSan Juan, Puerto Rico :bIsla Negra,c2002. a145 p. :bil ;c22 cm.1 aFilo de juego aIncluye datos biográficos del autor en la solapa de la cubierta 4aPoesía cubana95226 4aLiteratura cubana91483 0aFilo de juego91014 aValidado. Control de calidad MFF aBNGR 0010718PDaPDbPDcHDd2009-10-06iLF1l0oCu861.44 C656ap9921-10r2020-06-25te. 2w2020-06-25yLFPDZNo se presta 0010718PDaPDbPDcHDd2009-10-06iLF1l0oCu861.44 C656ap9921-20r2020-06-25w2020-06-25yLFPDZNo se presta c9680d9680